Апоптоз, иммунодефицит, сепсис - три слагаемых оппортунистических инфекций животных (Запись № 10078695)

Подробности
000 -МАРКЕР
контрольное поле 01801nam0a2200361 i 4500
001 - ИДЕНТИФИКАТОР ЗАПИСИ
контрольное поле RU\NLR\BIBL_A\010783239
005 - ИДЕНТИФИКАТОР ВЕРСИИ
контрольное поле 20260407054958.0
010 ## - МЕЖДУНАРОДНЫЙ СТАНДАРТНЫЙ НОМЕР КНИГИ (ISBN)
Номер (ISBN) 9785935304218
Цена 295 р.
Тираж 1000
021 ## - НОМЕР ГОСУДАРСТВЕННОЙ РЕГИСТРАЦИИ
Код страны российская федерация
Номер 2015-36160
Номер Листа государственной регистраци 2144
035 ## - ДРУГИЕ СИСТЕМНЫЕ НОМЕРА
Идентификатор записи (NILC)LIBNET\0000548672
035 ## - ДРУГИЕ СИСТЕМНЫЕ НОМЕРА
Идентификатор записи RU/ЦНСХБ СО РАСХН/ECA/0000028881
035 ## - ДРУГИЕ СИСТЕМНЫЕ НОМЕРА
Идентификатор записи (NLR Aleph) 010783239
100 ## - ДАННЫЕ ОБЩЕЙ ОБРАБОТКИ
Данные общей обработки 20150617d2014 km y0rusy50 ca
101 0# - ЯЗЫК РЕСУРСА
Язык текста, звукозаписи и т.д. русский
102 ## - СТРАНА ПУБЛИКАЦИИ ИЛИ ПРОИЗВОДСТВА
Страна публикации российская федерация
105 ## - ПОЛЕ КОДИРОВАННЫХ ДАННЫХ: ТЕКСТОВЫЕ МАТЕРИАЛЫ, МОНОГРАФИЧЕСКИЕ
Кодированные данные о монографическом текстовом документе a|||z||||01yy
200 1# - ЗАГЛАВИЕ И СВЕДЕНИЯ ОБ ОТВЕТСТВЕННОСТИ
Основное заглавие Апоптоз, иммунодефицит, сепсис - три слагаемых оппортунистических инфекций животных
Сведения, относящиеся к заглавию монография
Первые сведения об ответственности А. А. Блохин
Последующие сведения об ответственности НФГБНУ "Науч.- исслед. вет. ин-т Нечернозем. зоны Рос. Федерации"
210 ## - ПУБЛИКАЦИЯ, РАСПРОСТРАНЕНИЕ И ДР.
Место издания, распространения и т.д. Нижний Новгород
Имя издателя, распространителя и т. д. Издательский салон
Дата издания, распространения и т.д. 2014
215 ## - ФИЗИЧЕСКАЯ ХАРАКТЕРИСТИКА
Специфическое обозначение материала и объем 217 с.
Другие сведения о физической характеристике цв.ил.
Размеры 20
320 ## - ПРИМЕЧАНИЯ О НАЛИЧИИ В ДОКУМЕНТЕ БИБЛИОГРАФИИ / УКАЗАТЕЛЯ
Текст примечания Библиогр.: с. 213-217 (62 назв.)
606 ## - НАИМЕНОВАНИЕ ТЕМЫ КАК ПРЕДМЕТ
Наименование темы Оппортунистические инфекции животных
Системный номер авторитетной/нормативной записи 2239776
Идентификатор авторитетной/нормативной записи RU\NLR\AUTH\6601575529
686 1# - ИНДЕКСЫ ДРУГИХ КЛАССИФИКАЦИЙ
Индекс П873.1
700 #1 - ИМЯ ЛИЦА - ПЕРВИЧНАЯ ОТВЕТСТВЕННОСТЬ
Начальный элемент ввода Блохин
Часть имени, кроме начального элемента ввода А. А.
Расширение инициалов личного имени Андрей Александрович
Код отношения Автор
712 02 - НАИМЕНОВАНИЕ ОРГАНИЗАЦИИ - ВТОРИЧНАЯ ОТВЕТСТВЕННОСТЬ
Код отношения Прочие
Начальный элемент ввода Научно-исследовательский ветеринарный институт Нечерноземной зоны Российской Федерации
Идентифицирующий признак Нижний Новгород
Идентификатор авторитетной/нормативной записи RU\NLR\AUTH\8810025429
Системный номер авторитетной/нормативной записи 549100
801 #0 - ИСТОЧНИК ЗАПИСИ
Организация ЦНСХБ СО РАСХН
Страна российская федерация
Дата составления 20150220
Правила каталогизации PSBO
801 #1 - ИСТОЧНИК ЗАПИСИ
Организация ЦНСХБ СО РАСХН
Страна российская федерация
Дата составления 20150220
801 #2 - ИСТОЧНИК ЗАПИСИ
Страна российская федерация
Организация ЦНСХБ СО РАСХН
Дата составления 20150507
Источник данных rusmarc
830 ## - ОБЩЕЕ ПРИМЕЧАНИЕ, СОСТАВЛЕННОЕ КАТАЛОГИЗАТОРОМ
Текст примечания 084
942 ## - ДОПОЛНИТЕЛЬНЫЕ ЭЛЕМЕНТЫ ЗАПИСИ (АБИС)
Тип экземпляра АБИС Книга
980 ## - КОЛЛЕКЦИЯ
Название коллекции НБР

Нет доступных экземпляров.